000 00316nam a2200109Ia 4500
008 200302s9999 xx 000 0 und d
100 _aMark Anderson & Other
245 _aPrefab Prototypes Site Specific Design for Offsite Construction
260 _bPrinceton Architectural Press
260 _c2007
300 _a263 P.,
999 _c2975
_d2975